Synthesis of a Digital Twin of a Chemical Reactor with Machine Learning

Salvato in:
Dettagli Bibliografici
Autore principale: Bachorík, Martin (Autore)
Altri autori: Klaučo, Martin (Relatore della tesi)
Natura: Manoscritto Libro
Lingua:slovacco
inglese
Pubblicazione: 2021
Soggetti:
Accesso online:http://is.stuba.sk/zp/portal_zp.pl?podrobnosti=157522
Tags: Aggiungi Tag
Nessun Tag, puoi essere il primo ad aggiungerne!!

MARC

LEADER 00000ntm a22000003a 4500
001 stuzp84806
003 SK-STU
005 20210605210949.4
007 ta
008 150427s2015----xo-----f-mn---000-0-slo-d
040 |a STU  |b slo 
041 0 |a eng 
100 1 |a Bachorík, Martin  |u 047220  |4 aut  |U FCHPT Ústav informatizácie, automatizácie a matematiky  |T FCHPT Oddelenie informatizácie a riadenia procesov  |X 81608  |U C7220  |Y 121  |7 81608 
242 0 1 |a Syntéza digitálneho dvojčaťa pre chemický reaktor prostredníctvom strojového učenia  |y slo 
245 1 0 |a Synthesis of a Digital Twin of a Chemical Reactor with Machine Learning 
260 |c 2021 
650 4 |a digitálne dvojča  |2 slo 
650 4 |a chemický reaktor  |2 slo 
650 4 |a neutralizácia  |2 slo 
650 4 |a strojové učenie  |2 slo 
650 4 |a neurónové siete  |2 slo 
650 4 |a neutralisation  |2 eng 
650 4 |a machine learning  |2 eng 
650 4 |a neural networks  |2 eng 
650 4 |a chemical reactor  |2 eng 
650 4 |a digital twin  |2 eng 
700 1 |a Klaučo, Martin  |u 047220  |k Z2  |4 ths  |U FCHPT Ústav informatizácie, automatizácie a matematiky  |T FCHPT Oddelenie informatizácie a riadenia procesov  |X 50920  |U C7220  |Y 121  |7 A0000050920 
856 4 |u http://is.stuba.sk/zp/portal_zp.pl?podrobnosti=157522